000 01102nam a2200301Ia 4500
005 20220317001043.0
008 160825s2007 mx a g 000 0 spa
020 _a97896816602012
100 1 _aBrowne, Anthony
_d1946-
245 1 0 _aVoces en el parque
_cescrito e ilustrado por Anthony Browne ; traducido por Carmen Esteva
250 _a1a. edición
_b3a. reimpresión
300 _a30 páginas
_bilustraciones en color
_c30 cm
490 _aLos especiales de A la orilla del viento
650 1 4 _2LEMB
_aCuentos infantiles ingleses
_ySiglo XX
650 1 4 _2LEMB
_aLiteratura infantil inglesa
_ySiglo XX
650 1 4 _2LEMB
_aImaginación en la literatura
650 1 4 _2LEMB
_aParques en la literatura
650 1 4 _2LEMB
_aAmistad en la literatura
700 1 _aBrowne, Anthony
_964943
700 1 _aEsteva, Carmen
_94749
942 _2loc
_cBKINF
264 _aMéxico
_bFondo de Cultura Económica
_c2007
336 _atexto
_btxt
_2rdacontent
337 _asin mediación
_bn
_2rdamedia
338 _avolumen
_bnc
_2rdacarrier
040 _aCO-BoRNBP
_bspa
_erda
_cCO-BoRNBP
084 _aA BRO1
999 _c5799
_d5799